000 00414nam a2200169Ia 4500
001 2734
003 IN-NITTTR
005 20251114232935.0
008 251113s9999||||xx |||||||||||||| ||eng||
040 _beng
040 _cIN-NITTTR
041 _aeng
082 _a621.3 H239I
100 _aHarrington, Roger F.
245 0 _aIntroduction to electromagnetic engineering /
_cHarrington, Roger F.
942 _2ddc
_cBK
999 _c4324
_d4324